| 000 | 00458nam a22001457a 4500 | ||
|---|---|---|---|
| 999 |
_c7808 _d7808 |
||
| 005 | 20231031133750.0 | ||
| 008 | 231031b ||||| |||| 00| 0 eng d | ||
| 020 | _a9788429781458 | ||
| 040 | _aCDMR | ||
| 100 |
_94901 _aEscribano, Francesc |
||
| 245 |
_aLa terra i les cendres _b: Brasil: viatge al cor del país de Lula, Bolsonaro i Casaldàliga _c/ Francesc Escribano |
||
| 260 |
_aBarcelona : _bEdicions 62, _c2023 |
||
| 300 | _a236 p. | ||
| 942 |
_2udc _cMON |
||